|
|
|
|
| LEADER |
01536nam a2200385 a 4500 |
| 001 |
EBC1741633 |
| 003 |
MiAaPQ |
| 005 |
20200520144314.0 |
| 006 |
m o d | |
| 007 |
cr cn||||||||| |
| 008 |
090218s2008 enkae sb 001 0 eng d |
| 010 |
|
|
|z 2009367205
|
| 020 |
|
|
|z 9781906093167 (hbk.)
|
| 020 |
|
|
|z 1906093164 (hbk.)
|
| 020 |
|
|
|a 9781909493797 (electronic bk.)
|
| 035 |
|
|
|a (MiAaPQ)EBC1741633
|
| 035 |
|
|
|a (Au-PeEL)EBL1741633
|
| 035 |
|
|
|a (CaPaEBR)ebr10650094
|
| 035 |
|
|
|a (OCoLC)884015383
|
| 040 |
|
|
|a MiAaPQ
|c MiAaPQ
|d MiAaPQ
|
| 050 |
|
4 |
|a HD60
|b .E33 2008
|
| 082 |
0 |
4 |
|a 658.408
|2 22
|
| 245 |
0 |
0 |
|a Earth matters
|h [electronic resource] :
|b indigenous peoples, the extractive industries and corporate social responsibility /
|c edited by Ciaran O'Faircheallaigh and Saleem Ali.
|
| 260 |
|
|
|a Sheffield, U.K. :
|b Greenleaf,
|c c2008.
|
| 300 |
|
|
|a viii, 272 p. :
|b ill., plans.
|
| 504 |
|
|
|a Includes bibliographical references and index.
|
| 533 |
|
|
|a Electronic reproduction. Ann Arbor, MI : ProQuest, 2015. Available via World Wide Web. Access may be limited to ProQuest affiliated libraries.
|
| 650 |
|
0 |
|a Social responsibility of business.
|
| 650 |
|
0 |
|a Mineral industries
|x Social aspects.
|
| 650 |
|
0 |
|a Indigenous peoples
|x Social conditions.
|
| 655 |
|
4 |
|a Electronic books.
|
| 700 |
1 |
|
|a O'Faircheallaigh, Ciaran.
|
| 700 |
1 |
|
|a Ali, Saleem H.
|q (Saleem Hassan),
|d 1973-
|
| 710 |
2 |
|
|a ProQuest (Firm)
|
| 856 |
4 |
0 |
|u https://ebookcentral.proquest.com/lib/matrademy/detail.action?docID=1741633
|z Click to View
|